00654nam a2200193Ia 4500952014900000999001700149003000400166005001700170008004100187020001800228040000900246082002200255100002300277245003700300260005000337300000900387650001400396942005000410 00102ddc40708SSaMESbMEScMALd2019-02-20g275.00l40m15o894.812301 ROS/Hp40469r2026-01-16 13:17:26s2026-01-06w2019-02-20yBKzGR31R1 c30170d30170OSt20210108132359.0190216s9999||||xx |||||||||||||| ||und|| a9788182674301 coclc a894.812301bROS/H aRose, Maria 98262 0a13 Horror Kathakal /cMaria Rose bThe Mathrubhumi Priniting,c2018.aKozhikode: a257p aMalayalam cBK2ddch894.812301iROS/Hk894.812301mROS/H